| 000 | 00665cam a22002291 4500 | ||
|---|---|---|---|
| 001 | sa 68002352 | ||
| 003 | DLC | ||
| 005 | 20260227112442.0 | ||
| 008 | 831230s1967 ii 000 0 hin | ||
| 010 | _asa 68002352 | ||
| 035 | _a(OCoLC)21645794 | ||
| 040 |
_aDLC _cCU _dDLC |
||
| 042 | _apremarc | ||
| 050 | 0 | 0 |
_aPK2098.39.I495 _bS2 |
| 100 | 1 |
_aSiṃha, Dūdhanātha, _d1936- |
|
| 245 | 1 | 0 |
_aSapāṭa cehare vālā ādamī. _c[Lekhaka] Dūdhanātha Siṃha |
| 250 | _a[1. saṃskaraṇa | ||
| 260 |
_aDillī] _bAkshara Prakāśana; [mukhya vitaraka: _bPustaka, Prasāra, _c1967] |
||
| 300 |
_a150 p. _c19 cm |
||
| 500 | _aIn Hindi | ||
| 500 | _aShort stories | ||
| 999 |
_c78650 _d78650 |
||